Culture Générale - Série 2372 - Statistiques

Statistiques générales
  • Ce quiz a été pris 92 fois
  • Le résultat moyen est 4 sur 10
Statistiques - réponses
Question Réponse % Correct
Selon l'expression populaire : Un .... peut cacher la forêt - Trouvez le mot manquant arbre
95%
Comment appelle-t-on l'arrière d'un navire ? poupe
78%
Quel mot de 11 lettres commençant par " s " signifie "continuel et lassant " ? sempiternel
44%
Quel oiseau est l'uraète ? aigle
35%
Ce mot désigne - un gouverneur ou grand officier en Inde ou - un homme très riche qui fait étalage de son opulence nabab
34%
Vallée envahie par la mer, formant un estuaire enfoncé dans les terres - synonyme de " ria " aber
24%
Quel est le prénom du personnage qui figure sur les anciens billets de 50 francs français ? Antoine
17%
Quel mot de 10 lettres commençant par " s " signifie "Ruse habile, bien combinée" ? stratagème
17%
Sous quels prénom et nom connait-on mieux l'actrice Nicole Dreyfus (1932) ? voir photo Anouk Aimée
10%
Quel nom a été donné à la chaussure créée en 1932 par l'Australien Jacob Bloch ? ballerine
3%
Aucun quiz correspondant
Distribution des résultats
% des personnes avec chaque résultat
Percentile par nombre de réponses
Votre historique - résultats
Vous n’avez pas pris ce quiz